Fire Emblem Items Quiz - Statistics

General Stats
  • This quiz has been taken 118 times
  • The average score is 18 of 25
Answer Stats
Hint Answer % Correct
Permanently increase movement for one unit by 2 (4 in some titles) Boots
91%
Heal 10 HP Vulnerary
91%
Heals all HP Elixir
89%
Raise units speed permanently Speedwing
87%
Promotes any unit (except Lords) at LVL 10 Master Seal
86%
Cuts the price of anything you buy in half Silver Card
81%
Raises units luck permanently Goddess Icon
75%
Increase Weapon level of current type of held weapon for unit Arms Scroll
74%
Sell for 5000g; only for monetary value Blue Gem
73%
Raises units strength permanently (Magic in GBA games too) Power Ring
73%
Sell for 2500g; only for monetary value Red Gem
73%
Raises units defense permanently Dracoshield
72%
Raises units skill permanently Secret Book
72%
Raises units resistance permanently Talisman
72%
Promotes pegasus knights and wyvern riders lvl 10+ Elysian Whip
71%
Temporarily raise units resistance Pure Water
71%
Allows unit access to secret shops Member Card
68%
Heals unit of poison status Antitoxin
67%
Promotes knights and cavaliers Lvl 10+ Knight Crest
66%
Sell for 10000g; only for monetary value White Gem
66%
Raise units hit points permanently Angelic Robe
65%
Promotes archers and nomads Lvl 10+ Orion's Bolt
65%
Raise units constitution permanently Body Ring
62%
Raise units magic permanently Spirit Dust/Magic Ring
59%
Promotes magic users lvl 10+ Guiding Ring
57%
No matching quizzes found
Score Distribution
Percent of People with Each Score
Percentile by Number Answered
Your Score History
You have not taken this quiz